| 000 | 01679nam a2200229 a 4500 | ||
|---|---|---|---|
| 001 | 000656500 | ||
| 003 | AM-YeHGA | ||
| 005 | 20250617141423.0 | ||
| 008 | 090507s1973 ai | |||||||||||||rus|d | ||
| 040 | _aAM-YeHGA | ||
| 041 | 0 | _arus | |
| 100 | 1 | _aМякишев, Н.Ф. | |
| 245 | 1 | 0 |
_aКлассификация приводных характеристик производственных механизмов и электропривода : _bЛекция по дисциплине "Электропривод и автоматическое управление электроприводом в сельском хозяйстве". Для студентов-заочников сельскохозяйственных вузов специальности 1510-«Электрификация сельского хозяйства» / _cН.Ф. Мякишев; МСХ СССР; Глав. упр. высш. и сред. сельскохоз. образ.; Всесоюз. сельскохоз. ин-т заоч. образ. |
| 260 |
_aМосква : _bБ. и., _c1973. |
||
| 300 |
_a28 с. : _bрис. ; _c20 см. |
||
| 650 | 1 | 4 | _aМеханизация сельского хозяйства |
| 650 | 1 | 4 | _aСельскохозяйственные машины и орудия |
| 710 | 2 | _aМинистерство сельского хозяйства СССР | |
| 710 | 2 | _aГлавное управление высшего и среднего сельскохозяйственного образования | |
| 710 | 2 | _aВсесоюзный сельскохозяйственный институт заочного образования | |
| 090 | _c239932 | ||
| 999 |
_c238361 _d238361 |
||